Monopolios Transnacionales e Internacionalización. Primera Parte
Spremljeno u:
| Glavni autor: | |
|---|---|
| Format: | Tekst |
| Izdano: |
La Habana:
Centro de Investigaciones e Economía Internacional. Universidad de La Habana
|
| Oznake: |
Dodaj oznaku
Bez oznaka, Budi prvi tko označuje ovaj zapis!
|
MARC
| LEADER | 00000 a a2200000 04500 | ||
|---|---|---|---|
| 001 | 23267 | ||
| 003 | |||
| 040 | |||
| 090 | |a 160400 | ||
| 100 | |a Espinoza Martínez, Eugenio | ||
| 245 | |a Monopolios Transnacionales e Internacionalización. Primera Parte | ||
| 260 | |a La Habana: |b Centro de Investigaciones e Economía Internacional. Universidad de La Habana | ||
| 300 | |a 202 p. | ||
| 999 | |c 11908 |d 11908 | ||
